Statistics for Name all members of Ive

Click here to take the quiz!

General Stats

  • This quiz has been taken 174 times
  • The average score is 6 of 6

Answer Stats

Members% Correct
Liz
97%
Wonyoung
97%
Gaeul
96%
Rei
96%
Yujin
93%
Leeseo
90%

Score Distribution

Percentile by Number Answered

Percent of People with Each Score

Your Score History

You have not taken this quiz